[Event "ROM-ch U14"]
[Site "Mamaia"]
[Date "2021.04.13"]
[Round "9"]
[White "Radu, Silviu Cristian"]
[Black "Vitan, Matei Gabriel"]
[Result "0-1"]
[WhiteElo "1017"]
[BlackElo "1240"]
[PlyCount "60"]
[EventDate "2021.04.07"]
[EventType "swiss"]
[EventRounds "9"]
[EventCountry "ROU"]
[SourceTitle "EXT 2022"]
[Source "ChessBase"]
[SourceDate "2021.10.06"]
[SourceVersion "1"]
[SourceVersionDate "2021.10.06"]
[SourceQuality "1"]

1. d4 Nf6 2. c4 c5 3. Nf3 g6 4. Nc3 cxd4 5. Nxd4 Bg7 6. e4 d6 7. Be2 0-0 8. f3 Nbd7 9. Be3 b6 10. Qd2 Ba6 11. 0-0-0 Ne5 12. b3 Rc8 13. f4 Neg4 14. Bg1 Nh6 15. h3 e5 16. Nf3 exf4 17. Qxf4 Nh5 18. Qd2 Ng3 19. Bd4 Nxh1 20. Rxh1 Bxd4 21. Qxd4 f5 22. Qd5+ Kg7 23. Nd4 Qg5+ 24. Kb2 Qxg2 25. Rf1 Rf7 26. Qxd6 Re8 27. Ne6+ Kg8 28. exf5 Nxf5 29. Qe5 Bc8 30. Qb8 Rb7 0-1

[Event "ROM-ch U14"]
[Site "Mamaia"]
[Date "2021.04.11"]
[Round "7"]
[White "Vitan, Matei Gabriel"]
[Black "Toma, Iustin"]
[Result "1-0"]
[WhiteElo "1240"]
[BlackElo "1231"]
[PlyCount "143"]
[EventDate "2021.04.07"]
[EventType "swiss"]
[EventRounds "9"]
[EventCountry "ROU"]
[SourceTitle "EXT 2022"]
[Source "ChessBase"]
[SourceDate "2021.10.06"]
[SourceVersion "1"]
[SourceVersionDate "2021.10.06"]
[SourceQuality "1"]

1. e4 e5 2. Nf3 Nc6 3. Bb5 d6 4. Qe2 Nge7 5. c3 g6 6. 0-0 Bg7 7. d3 0-0 8. Re1 a6 9. Ba4 b5 10. Bb3 Na5 11. Bc2 c5 12. Nbd2 Nac6 13. Nf1 Qc7 14. Bg5 h6 15. Bxe7 Qxe7 16. Ne3 Qb7 17. h3 Be6 18. b3 Rad8 19. Rad1 Rfe8 20. Nh2 Ne7 21. g4 d5 22. exd5 Nxd5 23. Nxd5 Bxd5 24. c4 Bc6 25. f3 Rd4 26. Rf1 Rf4 27. Rde1 Bf6 28. Qd2 Bg5 29. Qe2 Rd4 30. Qf2 Bf4 31. Rd1 b4 32. Rde1 Re6 33. h4 g5 34. h5 Qc7 35. Qg2 Rd8 36. Rf2 Qd6 37. Nf1 Qd4 38. Kh1 Rf8 39. Ng3 Bxg3 40. Qxg3 f5 41. Kg1 fxg4 42. Qxg4 Qxg4+ 43. fxg4 Rxf2 44. Kxf2 Kf7 45. Bd1 Rf6+ 46. Kg3 Ke6 47. Re3 Rf4 48. Bf3 Bxf3 49. Rxf3 Kd6 50. Re3 e4 51. dxe4 Ke5 52. Rd3 Kxe4 53. Rd6 Rf3+ 54. Kg2 Rd3 55. Rxh6 Rd2+ 56. Kg3 Rxa2 57. Rg6 Kd4 58. h6 Rb2 59. Rf6 Rxb3+ 60. Rf3 Kxc4 61. Rxb3 Kxb3 62. h7 c4 63. h8Q c3 64. Qd4 a5 65. Kf2 Kb2 66. Ke2 b3 67. Kd3 a4 68. Qxc3+ Ka2 69. Qb4 a3 70. Kc3 b2 71. Qb3+ Kb1 72. Qxa3 1-0

[Event "ROM-ch U14"]
[Site "Mamaia"]
[Date "2021.04.10"]
[Round "5"]
[White "Vitan, Matei Gabriel"]
[Black "Taran, Sebastian"]
[Result "0-1"]
[WhiteElo "1240"]
[BlackElo "1530"]
[PlyCount "115"]
[EventDate "2021.04.07"]
[EventType "swiss"]
[EventRounds "9"]
[EventCountry "ROU"]
[SourceTitle "EXT 2022"]
[Source "ChessBase"]
[SourceDate "2021.10.06"]
[SourceVersion "1"]
[SourceVersionDate "2021.10.06"]
[SourceQuality "1"]

1. e4 e6 2. Nf3 d5 3. Nc3 c5 4. exd5 exd5 5. d4 c4 6. Be2 Be6 7. 0-0 a6 8. b3 b5 9. a3 Nd7 10. Re1 h6 11. Nxd5 Bxd5 12. Bxc4+ Be6 13. Bxe6 fxe6 14. Rxe6+ Kf7 15. Re1 Qc7 16. Ne5+ Nxe5 17. dxe5 Re8 18. Bb2 Re6 19. Qf3+ Ke8 20. Qd3 Bc5 21. b4 Bb6 22. Qf5 Qf7 23. Qxf7+ Kxf7 24. Rad1 Ne7 25. Kf1 Rc8 26. Re2 Rd8 27. Rxd8 Bxd8 28. f4 Bc7 29. g4 g6 30. Rd2 Bb6 31. Re2 Rc6 32. Kg2 Nd5 33. Kf3 Rc4 34. e6+ Ke7 35. f5 gxf5 36. gxf5 Rf4+ 37. Kg3 Rxf5 38. Kg4 Rf2 39. Rxf2 Bxf2 40. Kh5 Be3 41. Bg7 Kxe6 42. Bxh6 Nf6+ 43. Kg6 Bxh6 44. Kxh6 Ng4+ 45. Kg5 Nxh2 46. Kf4 Kd5 47. Ke3 Kc4 48. Kd2 Nf3+ 49. Kc1 Kc3 50. Kb1 Ne1 51. Ka2 Nxc2 52. a4 Nxb4+ 53. Ka3 Nc2+ 54. Ka2 b4 55. Kb1 Na3+ 56. Ka1 b3 57. a5 b2+ 58. Ka2 0-1

[Event "ROM-ch U14"]
[Site "Mamaia"]
[Date "2021.04.09"]
[Round "3"]
[White "Vitan, Matei Gabriel"]
[Black "Tiganescu, Razvan Ionut"]
[Result "1-0"]
[WhiteElo "1240"]
[BlackElo "1220"]
[PlyCount "110"]
[EventDate "2021.04.07"]
[EventType "swiss"]
[EventRounds "9"]
[EventCountry "ROU"]
[SourceTitle "EXT 2022"]
[Source "ChessBase"]
[SourceDate "2021.10.06"]
[SourceVersion "1"]
[SourceVersionDate "2021.10.06"]
[SourceQuality "1"]

1. e4 e5 2. Nf3 Nc6 3. Bb5 d6 4. Qe2 Bg4 5. c3 Be7 6. d3 Nf6 7. Nbd2 0-0 8. 0-0 a6 9. Ba4 b5 10. Bb3 Na5 11. Bc2 c5 12. Rd1 Rc8 13. Nf1 Qc7 14. h3 Bh5 15. g4 Nxg4 16. hxg4 Bxg4 17. N1h2 Bh5 18. Qf1 f5 19. Qh3 Bxf3 20. Qxf3 fxe4 21. Qxe4 Rf6 22. Rf1 Rg6+ 23. Kh1 Rf8 24. d4 cxd4 25. Qd5+ Kh8 26. Bxg6 hxg6 27. cxd4 exd4 28. Qxd4 Bf6 29. Qf4 Qb8 30. Qg3 Be5 31. Qxg6 Rf6 32. Qg2 Nc4 33. Rg1 Qa7 34. Qh3+ Kg8 35. Ng4 Qb7+ 36. Qg2 Qxg2+ 37. Rxg2 Rf7 38. Nh6+ Kf8 39. Nxf7 Kxf7 40. Rb1 d5 41. b3 Na5 42. Bb2 d4 43. Rd1 Nc6 44. Rg4 Kf6 45. Bxd4 Nxd4 46. Rgxd4 Bxd4 47. Rxd4 Ke5 48. Rd1 g5 49. Kg2 Kf4 50. Re1 g4 51. Re6 a5 52. Ra6 a4 53. bxa4 bxa4 54. Rxa4+ Kf5 55. Rd4 Kg5 1-0

[Event "ROM-ch U10"]
[Site "Baile Felix"]
[Date "2017.02.03"]
[Round "2"]
[White "Carp, David Albert"]
[Black "Vitan, Matei Gabriel"]
[Result "0-1"]
[WhiteElo "1024"]
[BlackElo "1159"]
[PlyCount "72"]
[EventDate "2017.02.02"]
[EventType "swiss"]
[EventRounds "9"]
[EventCountry "ROU"]
[SourceTitle "CBM 176 Extra"]
[Source "ChessBase"]
[SourceDate "2017.03.02"]
[SourceVersion "1"]
[SourceVersionDate "2017.03.02"]
[SourceQuality "1"]

1. e4 e5 2. Nf3 Nc6 3. d4 exd4 4. Nxd4 Bc5 5. Nxc6 dxc6 6. Qxd8+ Kxd8 7. Bc4 Be6 8. Bxe6 fxe6 9. Nd2 Nf6 10. e5 Nd5 11. Ne4 Bd4 12. Bg5+ Kc8 13. f4 h6 14. Bh4 Nxf4 15. g3 Ng2+ 16. Kd1 Nxh4 17. gxh4 Bxe5 18. Rb1 Rd8+ 19. Kc1 Bf4+ 20. Nd2 Rxd2 21. Ra1 Rxh2+ 22. Kd1 Rxh1+ 23. Ke2 Rxa1 24. a3 Kd7 25. Kd3 Rd1+ 26. Kc4 b5+ 27. Kb3 c5 28. Kc3 b4+ 29. axb4 cxb4+ 30. Kxb4 Rb8+ 31. Kc3 Be5+ 32. Kc4 Rxb2 33. Kc5 Rxc2+ 34. Kb4 Rb1+ 35. Ka3 Rcb2 36. Ka4 Ra1# 0-1

[Event "ROM-ch U10"]
[Site "Baile Felix"]
[Date "2017.02.02"]
[Round "1"]
[White "Vitan, Matei Gabriel"]
[Black "Cnejev, Vladimir Alexandru"]
[Result "0-1"]
[WhiteElo "1159"]
[BlackElo "1514"]
[PlyCount "38"]
[EventDate "2017.02.02"]
[EventType "swiss"]
[EventRounds "9"]
[EventCountry "ROU"]
[SourceTitle "CBM 176 Extra"]
[Source "ChessBase"]
[SourceDate "2017.03.02"]
[SourceVersion "1"]
[SourceVersionDate "2017.03.02"]
[SourceQuality "1"]

1. Nf3 d5 2. c4 e6 3. Nc3 Nf6 4. d4 Be7 5. e3 0-0 6. Bd3 b6 7. Bd2 Bb7 8. Qc2 Nbd7 9. Ng5 h6 10. Nf3 c5 11. cxd5 Nxd5 12. Nxd5 exd5 13. dxc5 Nxc5 14. Bc3 Rc8 15. Qd2 Bf6 16. Bxf6 Qxf6 17. Nd4 Rfe8 18. 0-0 Ne4 19. Nf3 Nxd2 0-1